Who Scored The Goal? (Argentina) World Cup 2022 - Statistics

General Stats
  • This quiz has been taken 29 times
  • The average score is 17 of 23
Answer Stats
Matches Scorer % Correct
Argentina - Saudi Arabia10' 1-0 Lionel Messi
100%
Argentina - Mexico64' 1-0 Lionel Messi
88%
Argentina - France80' 2-1 Kylian Mbappe
83%
Argentina - France81' 2-2 Kylian Mbappe
83%
Argentina - France118' 3-3 Kylian Mbappe
83%
Netherlands - Argentina73' 0-2 Lionel Messi
83%
Argentina - Croatia34' 1-0 Lionel Messi
83%
Argentina - France23' 1-0 Lionel Messi
83%
Argentina - France108' 3-2 Lionel Messi
83%
Argentina - France36' 2-0 Angel Di Maria
79%
Argentina - Croatia39' 2-0 Julian Alvarez
79%
Argentina - Australia35' 1-0 Lionel Messi
79%
Netherlands - Argentina90+11' 2-2 Wout Weghorst
79%
Argentina - Australia57' 2-0 Julian Alvarez
75%
Argentina - Mexico87' 2-0 Enzo Fernandez
71%
Argentina - Croatia69' 3-0 Julian Alvarez
71%
Netherlands - Argentina83' 1-2 Wout Weghorst
71%
Poland - Argentina46' 0-1 Alexis Mac Allister
67%
Poland - Argentina67' 0-2 Julian Alvarez
67%
Netherlands - Argentina35' 0-1 Nahuel Molina
63%
Argentina - Saudi Arabia53' 1-2 Salem Al Dawsari
54%
Argentina - Saudi Arabia48' 1-1 Saleh Al Shehri
33%
Argentina - Australia77' 2-1 Enzo Fernandez (OG)
29%
No matching quizzes found
Score Distribution
Percent of People with Each Score
Percentile by Number Answered
Your Score History
You have not taken this quiz